LIBRARY & INFORMATION CENTRE, KCAET, TAVANUR

ONLINE PUBLIC ACCESS CATALOGUE (OPAC)

Normal view MARC view
  • Walton, E.C

Entry Personal Name

Number of records used in: 1

001 - CONTROL NUMBER

  • control field: 7447

003 - CONTROL NUMBER IDENTIFIER

  • control field: OSt

005 - DATE AND TIME OF LATEST TRANSACTION

  • control field: 20250505163204.0

008 - FIXED-LENGTH DATA ELEMENTS

  • fixed length control field: 250505|| aca||aabn | a|a d

040 ## - CATALOGING SOURCE

  • Original cataloging agency: OSt
  • Transcribing agency: OSt

100 ## - HEADING--PERSONAL NAME

  • Personal name: Walton, E.C

670 ## - SOURCE DATA FOUND

  • Source citation: Work cat.: (OSt)1338: Teasdale, H. 7446, Electro-technology: For national certificate courses, Vol.I / , 1962.
free website counter